000 00444pab a2200169 454500
008 180718b2003 xxu||||| |||| 00| 0 eng d
100 _aHaan, Arjan de
245 _aMonitoring of poverty in Orissa: report from a workshop
260 _c2003
300 _ap.5243-245.
362 _a13 Dec
650 _aPoverty - India - Orissa
650 _aPoverty
700 _aPadhi, Sakti
773 _aEconomic and Political Weekly
909 _a58955
999 _c58955
_d58955